000 00621nam a22002297a 4500
003 UA-OsUOA
001 62999
007 ta
008 20090915b un ||||| |||| 00| 0 ukr d
100 _aГригорян В. Р.
090 _a94(477+438)
_bГ83
942 _cBK
040 _aUA-OsUOA
_brus
_cUA-OsUOA
_dUA-OsUOA
245 _aИстория армянских колоний Украины и Польши
300 _a289 с.
955 _a2
041 _arus
080 _a94(477+438)
260 _aМ.
_c1980
650 7 _a9 Географія. Біографії. Історія
_2UDC
999 _c349094
_d349094